Manažment znalostí a zavádzanie programových nástrojov pre riadenie vzťahov so zákazníkmi bakalárska práca

Na minha lista:
Detalhes bibliográficos
Autor principal: Dzuňová, Viktória
Autor Corporativo: Podnikovohospodárska fakulta EU so sídlom v Košiciach. Katedra manažmentu
Outros Autores: Dugas, Jaroslav, 1967-
Formato: Livro
Idioma:eslovaco
Publicado em: Košice 2013
Tags: Adicionar Tag
Sem tags, seja o primeiro a adicionar uma tag!

MARC

LEADER 00000nbm a2200000 4500
001 0172239
005 20161109112038.0
041 0 |a slo 
044 |a SK 
245 1 0 |a Manažment znalostí a zavádzanie programových nástrojov pre riadenie vzťahov so zákazníkmi  |b bakalárska práca  |c Viktória Dzuňová ; školiteľ: Jaroslav Dugas 
264 1 |a Košice  |c 2013 
300 |a 51 s. 
100 1 |a Dzuňová, Viktória 
700 1 |a Dugas, Jaroslav, 1967- 
710 2 |a Podnikovohospodárska fakulta EU so sídlom v Košiciach. Katedra manažmentu